00360 a2200097 4500001000900000005001700009008004100026245010100067100002500168773006900193ART_750820260410161554.0260409a 10aModelos de medición de activos intangibles. Aportes teóricos de las finanzas y la economía1 aBarbei, Alejandro A.0 tProfesional & Empresariag- AÑO IX, Nº 100 (ene. 2008)wREV70